| 000 | 00462nam a2200157 4500 | ||
|---|---|---|---|
| 001 | 127091 | ||
| 003 | ES-MaACL | ||
| 005 | 20230906192936.0 | ||
| 007 | t| | ||
| 008 | 070214s1954 po r ||||1| fre d | ||
| 100 | 1 |
_aRicard, Robert. _996852 |
|
| 245 | 1 | 2 |
_aL'infant D. Pedro de Portugal et `O livro da Virtuosa Bemfeitoria` / _cRobert Ricard. |
| 260 |
_aCoimbra : _bCoimbra Ed., _c1954. |
||
| 300 |
_a65 p. ; _c24 cm. |
||
| 852 |
_aES-MaACL _j1970-F-20 _bR.36783 |
||
| 999 |
_c127091 _d127091 |
||